000
00328nam a2200157Ia 4500
100
_a
Narayan/R.K
650
_a
Fiction
942
_c
BK
366
_f
17.5
245
_a
Writers Nightmare:Selected essays
260
_b
Penguin Books
_c
1988
082
_a
808.83/NAR
_b
NAR
300
_a
240
546
_a
ENGLISH
999
_c
22507
_d
22507